| 000 | 01915nam0a2200373 4500 | ||
|---|---|---|---|
| 001 | RU\NLR\bibl\587137 | ||
| 005 | 20260405091334.0 | ||
| 010 |
_a5-8297-0156-1 _97000 |
||
| 021 |
_aRU _b2004-68556 _93380 |
||
| 035 | _a(NLR Aleph) 000579119 | ||
| 090 |
_a1641254 _c1641254 |
||
| 100 | _a20041221d2005 |||y0rusy50 ca | ||
| 101 | 0 | _arus | |
| 102 | _aRU | ||
| 105 | _ay ||||||||| | ||
| 200 | 1 |
_aРусский язык и культура речи _eПрактикум по курсу _eУчеб. пособие для студентов вузов _f[Д. филол. н., проф. В.И. Максимов, к. филос. н., доц. Н.В. Казаринова, к. филол. н., доц. Л.В. Сретенская и др.] _gПод ред. проф. В.И. Максимова |
|
| 205 | _a[2-е изд., стер.] | ||
| 210 |
_aМ. _cГардарики _d2005 |
||
| 215 |
_a304 с. _d22 |
||
| 225 | 1 | _aDisciplinae | |
| 320 | _aБиблиогр. в конце тем | ||
| 606 | 0 |
_aРусский язык _jУчебные издания для высших учебных заведений _xКультура речи _91542537 _3RU\NLR\auth\66973867 |
|
| 606 | 0 |
_aЯзык и речь _jУчебные издания для высших учебных заведений _91995714 _3RU\NLR\auth\661202012 |
|
| 686 | _aШ141.12-923-72 | ||
| 686 | _aШ100.52я7 | ||
| 701 | 1 |
_4070 _7ca _8rus _aМаксимов _bВ. И. _cд-р филол. наук _f1926-2004 _gВладимир Иванович _915769 _3RU\NLR\auth\7732761 |
|
| 701 | 1 |
_aКазаринова _bН. В. _gНадежда Васильевна _4070 |
|
| 701 | 1 |
_4070 _aСретенская _bЛ. В. _cканд. филол. наук _gЛариса Викторовна _9203834 _3RU\NLR\AUTH\770203885 |
|
| 801 | 0 |
_aRU _bNLR _c20041221 _gPSBO |
|
| 801 | 1 |
_aRU _bNLR _c20041221 |
|
| 942 | _cBOOK | ||
| 980 | _aNB | ||